Kinshasa City Trivia - Statistics

General Stats
  • This quiz has been taken 19 times
    15 since last reset
  • The average score is 9 of 17
Answer Stats
Hint Answer % Correct
Two boxers involved in the above Muhammad Ali
100%
River that separates the two cities Congo River
93%
Most common languages spoken in Kinshasa French
87%
National capital that Kinshasa borders to the north Brazzaville
80%
Famous boxing match of 1974 Rumble in the {Jungle}
80%
Only African city larger than Kinshasa (urban population, 2025) Cairo
73%
Name of Kinshasa before 1966 {Léopold}ville
67%
Two boxers involved in the above George Foreman
53%
Asian country that sculpted a statue for the above leader North Korea
53%
Located in the south of Kinshasa is the only sanctuary in the world for this great ape species Bonobo
47%
Main artery road of downtown Kinshasa Boulevard du 30 {Juin}
47%
Most common languages spoken in Kinshasa Lingala
33%
DRC president assassinated in 2001 in the Marble Palace Laurent-Désiré Kabila
27%
What are N'Djili and N'Dolo? Airports
20%
Largest stadium by seating capacity in Central Africa Pentecost {Martyr}s
20%
Sporting event Kinshasa hosted in 2023 {Francophone} Games
13%
Type of disaster that killed around 227 to 350 people at the Simbazikita street market Plane crash
13%
No matching quizzes found
Score Distribution
Percent of People with Each Score
Percentile by Number Answered
Your Score History
You have not taken this quiz since the last reset